000 00555nam a22001937a 4500
003 OSt
005 20150106142706.0
008 150106b xxu||||| |||| 00| 0 eng d
020 _a0333574230
040 _cdnlm
082 _aWA 546 L275s 1992
100 _aLankester Ted
_92257
245 _aSetting up community Health Programmes :
_ba practical manual for use in developing countries /
260 _aUK:
_bMacmillan
_c1992
300 _axii, 304 p :
_bill ;
_c28 cm.
504 _aincludes index.
650 _acommunity health
_92112
942 _2z
_cSLOAN
999 _c835
_d835